00744nam a2200241 a 4500001001300000003000900013005001700022008004100039020001000080082002200090100001800112245007700130260004800207300000800255500003500263505001300298650001800311700001800329902000800347942000700355952012300362999001700485nice12345678IN_TiNIC20260116014829.0050524s2004 dela grp 000 0 eng  ac12000a305.6297054bKHA1 aKhalidi, Omar aBetween Muslim Nationalists and Nationalist Muslimsb Mawdudi`s Thoughts aDelhibInstitute of Objective Studiesc2004 a80p aincludes index and biblioraphy2 aAppendix aMuslims-India1 aKhalidi, Omar bSRS cBK 001040708StackRoom-aHMIbHMId2007-03-28g120.00l0o305.6297054 KHA1p021239r2007-03-28v120.00w2005-05-24yBK c17183d17183